| 000 | 00721nam a2200253Ia 4500 | ||
|---|---|---|---|
| 003 | OSt | ||
| 005 | 20221005045657.0 | ||
| 006 | a|||||r|||| 00| 0 | ||
| 007 | ta | ||
| 008 | 221004b |||||||| |||| 00| 0 ben d | ||
| 024 | _a21424 | ||
| 037 |
_bGift, 15/07/2015, _cTextual |
||
| 040 |
_aCRL _cCRL _bben |
||
| 041 |
_2ben _aben |
||
| 082 | _aQ29M28:33, 157L2 | ||
| 100 | _aMukhopadhyay P.K. | ||
| 245 | 0 | _aRammohan o talkalin samay or sahitya | |
| 260 |
_aKolkata _bDey's Publishing India _c1972 |
||
| 300 |
_a495p. _ccm. |
||
| 650 | _a RELIGION | ||
| 650 | _aBENGALI LITERATURE | ||
| 942 |
_hQ29M28:33, 157L2 _cTEXL _2cc |
||
| 999 |
_c955526 _d955526 |
||